Loading...
| Science - Physics | 1 | 4 | 0 | 0 | 55 | 50 | 69.20 | 1 | 4 | 21.76 | 43.06 |
| Philosophy | 1 | 2 | 0 | 0 | 35 | 64 | 80.67 | 1 | 2 | 13.19 | 23.61 |
| Science - Other | 1 | 2 | 0 | 0 | 35 | 58 | 62.33 | 1 | 2 | 18.35 | 29.69 |
| Science - Chemistry | 2 | 1 | 2 | 0 | 30 | 27 | 51.00 | 0 | 2 | 18.03 | 25.00 |
| Science - Biology | 1 | 1 | 1 | 0 | 20 | 36 | 64.50 | 1 | 1 | 9.45 | 18.06 |
| Social Science | 1 | 0 | 0 | 0 | 15 | 56 | 56.00 | 1 | 1 | 6.50 | 9.72 |
| History - Other | 1 | 0 | 0 | 0 | 15 | 53 | 53.00 | 0 | 1 | 30.37 | 43.75 |
| Mathematics | 0 | 1 | 0 | 0 | 10 | 95 | 95.00 | 0 | 1 | 22.76 | 75.00 |
| Fine Arts - Painting and Sculpture | 0 | 1 | 0 | 0 | 10 | 96 | 96.00 | 0 | 1 | 3.33 | 6.94 |
| Fine Arts - Classical Music | 0 | 1 | 1 | 0 | 5 | 93 | 93.00 | 0 | 0 | 2.84 | 4.17 |
| Fine Arts - Other | 0 | 0 | 1 | 0 | -5 | 0.00 | 0 | 0 | 0.00 | 0.00 |